| Поле | Инд. | ПП | Название | Значение |
|---|---|---|---|---|
| Тип записи | a | |||
| Библиографический уровень | m | |||
| 001 | Контрольный номер | b6e332300aad41c195aae44492b50fb1 | ||
| 005 | Дата корректировки | 20260414105610.8 | ||
| 020 | c | Цена, тираж | 300-00 | |
| a | ISBN | 978-5-17-087889-5 | ||
| 040 | b | Код языка каталог. | rus | |
| e | Правила каталог. | PSBO | ||
| 041 | 0_ | a | Код языка текста | rus |
| 084 | a | Индекс другой классификации/Индекс ББК | 84(2=411.2)1 | |
| 090 | a | Полочн. индекс | 84(2=411.2)1 | |
| c | Каталожный индекс | 84(2=411.2)1 | ||
| x | Авторский знак | Г 58 | ||
| 091 | i | Возрастная адресация (DOS) | 12+ | |
| 097 | b | Оператор | ; Опрятова; Максимова; Кондратьева; Сунагатуллина; Кондратьева | |
| 100 | 1_ | a | Автор | Гоголь Н. В. |
| q | Полное имя | Гоголь Николай Васильевич | ||
| 245 | 10 | a | Заглавие | Мертвые души |
| b | Продолж. заглавия | [поэма : 12+] | ||
| 260 | a | Место издания | Москва | |
| b | Издательство | АСТ | ||
| c | Дата издания | 2020 | ||
| 300 | a | Объем | 352 с. | |
| 440 | _0 | a | Серия | Эксклюзив: Русская классика |
| 900 | a | Имя макрообъекта | о15774221 | |
| 901 | t | Тип документа | m |